[Event "DEM U10/U10w 2015"]
[Site "Willingen GER"]
[Date "2015.05.25"]
[Round "3"]
[White "Ziegenfuß, Antonia"]
[Black "Wagner, Leopold Franziskus"]
[Result "0-1"]
[Termination "normal"]
[Board "1"]
[WhiteElo "1627"]
[BlackElo "1803"]
[WhiteClock "00:02:35"]
[BlackClock "00:05:02"]
[PlyCount "96"]
[WhiteFideId "12962554"]
[BlackFideId "1641581"]
[EventCountry "GER"]
[EventRounds "11"]
[EventType "swiss"]
[EventDate "2015.05.23"]

1. e4 c5 2. Nf3 Nc6 3. Bb5 d6 4. Bxc6+ bxc6 5. O-O Bd7 6. Re1 Qc7 7. d3 g6 8.
Nc3 Bg7 9. Bf4 e5 10. Be3 Ne7 11. Qd2 O-O 12. Bh6 f5 13. exf5 Nxf5 14. Bxg7
Nxg7 15. Re4 Bf5 16. Rh4 Ne8 17. Ne4 Bxe4 18. Rxe4 Nf6 19. Rh4 Rae8 20. Re1 Re7
21. Re3 Nd5 22. Ree4 Nf6 23. Re3 Nd5 24. Ree4 Rf4 25. Rhxf4 Nxf4 26. Qe1 Qd7
27. g3 Ne6 28. c3 Rf7 29. Kg2 Rxf3 30. Kxf3 Ng5+ 31. Ke2 Nxe4 32. dxe4 Qh3 33.
Qh1 Qe6 34. Qb1 Qc4+ 35. Ke3 d5 36. a3 d4+ 37. Kd2 Qf7 38. Ke2 Qb3 39. Qc1 Qc4+
40. Kf3 Qd3+ 41. Kg2 Qxe4+ 42. Kg1 d3 43. Qg5 Qd5 44. Qd2 c4 45. h3 Kg7 46. Qg5
Qd6 47. Qd2 h6 48. a4 Qd5 0-1

[Event "DEM U10/U10w 2015"]
[Site "Willingen GER"]
[Date "2015.05.25"]
[Round "3"]
[White "Krastev, Alexander"]
[Black "Stockmann, Till"]
[Result "1-0"]
[Termination "normal"]
[Board "2"]
[WhiteElo "1940"]
[BlackElo "1442"]
[WhiteClock "00:15:56"]
[BlackClock "00:33:01"]
[PlyCount "67"]
[WhiteFideId "12989983"]
[BlackFideId "12979341"]
[EventCountry "GER"]
[EventRounds "11"]
[EventType "swiss"]
[EventDate "2015.05.23"]

1. e4 e5 2. Nf3 Nc6 3. Bc4 Bc5 4. c3 Nf6 5. d3 d6 6. Bb3 a6 7. Nbd2 Ba7 8. h3
O-O 9. Nf1 h6 10. Ne3 Kh8 11. g4 Nh7 12. Nf5 Be6 13. h4 Ne7 14. Qd2 Rg8 15. Qe2
Qd7 16. Bd2 Rae8 17. O-O-O b5 18. Rdg1 c5 19. Bxh6 Nxf5 20. gxf5 gxh6 21. fxe6
fxe6 22. Qd2 Ref8 23. Rxg8+ Kxg8 24. Rg1+ Kh8 25. Qxh6 Rf6 26. Qh5 c4 27. Ng5
Rf8 28. dxc4 Bxf2 29. Rd1 Be3+ 30. Kb1 Bxg5 31. hxg5 Kg8 32. Rh1 Qg7 33. cxb5
Nxg5 34. Rg1 1-0

[Event "DEM U10/U10w 2015"]
[Site "Willingen GER"]
[Date "2015.05.25"]
[Round "3"]
[White "Prieb, Robert"]
[Black "Bui, Bao Anh Le"]
[Result "1-0"]
[Termination "normal"]
[Board "3"]
[WhiteElo "1426"]
[BlackElo "1660"]
[WhiteClock "00:20:44"]
[BlackClock "00:06:50"]
[PlyCount "105"]
[WhiteFideId "16212002"]
[BlackFideId "12970719"]
[EventCountry "GER"]
[EventRounds "11"]
[EventType "swiss"]
[EventDate "2015.05.23"]

1. d4 Nf6 2. c4 e6 3. Nc3 Bb4 4. Qc2 b6 5. a3 Bxc3+ 6. Qxc3 Bb7 7. Bg5 d6 8. f3
Nbd7 9. e4 e5 10. d5 Rc8 11. Qd2 h6 12. Be3 O-O 13. Bd3 Nh5 14. Ne2 Re8 15. O-O
g5 16. b4 Kh8 17. Rab1 Ba6 18. Rfc1 Qe7 19. c5 Bxd3 20. cxd6 cxd6 21. Qxd3 Nb8
22. Rc3 Qd7 23. Rbc1 Nf4 24. Nxf4 gxf4 25. Bd2 Kg7 26. Qc2 Rxc3 27. Qxc3 Kf8
28. Qc7 Qxc7 29. Rxc7 Re7 30. Rc8+ Re8 31. Rc7 Re7 32. Rc3 f6 33. g3 fxg3 34.
Bxh6+ Kf7 35. hxg3 Re8 36. Rc7+ Re7 37. Rxe7+ Kxe7 38. f4 Nd7 39. f5 b5 40. Be3
a6 41. Kh2 Nf8 42. Kh3 Nh7 43. Kh4 Kf7 44. Kh5 Kg7 45. g4 Kf7 46. g5 fxg5 47.
Bxg5 Nf8 48. Kh6 Nd7 49. Bd8 Nf8 50. Bc7 Ke7 51. Kg7 Nd7 52. f6+ Nxf6 53. Bxd6+
1-0

[Event "DEM U10/U10w 2015"]
[Site "Willingen GER"]
[Date "2015.05.25"]
[Round "3"]
[White "Kirchner, Markus"]
[Black "Deutsch, Christoph"]
[Result "1-0"]
[Termination "normal"]
[Board "4"]
[WhiteElo "1633"]
[BlackElo "1291"]
[WhiteClock "00:48:01"]
[BlackClock "00:54:53"]
[PlyCount "209"]
[WhiteFideId "12979163"]
[BlackFideId "16206878"]
[EventCountry "GER"]
[EventRounds "11"]
[EventType "swiss"]
[EventDate "2015.05.23"]

1. e4 e5 2. Nf3 Nc6 3. Bc4 Nf6 4. d4 exd4 5. e5 d5 6. Bb5 Ne4 7. Nxd4 Bd7 8.
Bxc6 Bxc6 9. O-O Bc5 10. Be3 Bxd4 11. Bxd4 O-O 12. f3 Ng5 13. f4 Ne4 14. Nd2 h6
15. Qe2 Qd7 16. Rad1 Rad8 17. Nxe4 Bb5 18. Qe3 dxe4 19. Rfe1 Bc6 20. Qg3 Qe6
21. a3 Qc4 22. Qc3 Qxc3 23. Bxc3 Rfe8 24. g3 g6 25. Kf2 h5 26. h4 Kh7 27. Ke3
b6 28. b4 Bb7 29. Rd4 Rxd4 30. Bxd4 Rd8 31. Re2 Ba6 32. Rd2 Bb7 33. Bc3 Rxd2
34. Bxd2 Kg8 35. Kd4 Kf8 36. c4 Ke7 37. c5 Kd7 38. b5 bxc5+ 39. Kxc5 Ke6 40.
Kd4 Kd7 41. a4 Ke6 42. Be1 Kd7 43. a5 Kc8 44. a6 Ba8 45. Bf2 c6 46. bxc6 Bxc6
47. Kc5 Kc7 48. Be3 Ba8 49. Kc4 Kb8 50. Kb5 Bd5 51. Kc5 Be6 52. Kd4 Bf5 53. Kd5
Ka8 54. Kd6 Kb8 55. Bc5 Be6 56. Kc6 Ka8 57. Kb5 Bd5 58. Kb4 Be6 59. Kc3 Bf5 60.
Kd4 Kb8 61. Ke3 Kc7 62. Bxa7 Kc8 63. Bc5 Kb8 64. Kd4 Ka8 65. Kd5 Kb8 66. Kc6
Ka8 67. Kd6 Be6 68. Ke7 Kb8 69. Kf6 Ka8 70. f5 gxf5 71. Kg5 f4 72. Kxf4 Bg4 73.
Kxe4 Bh3 74. Kd5 Be6+ 75. Kc6 Bg4 76. Kd6 Be6 77. Ke7 Kb8 78. Be3 Ka8 79. Kf6
Kb8 80. Kg5 Bg4 81. Bg1 Ka8 82. Kf6 Be6 83. g4 Bxg4 84. Kxf7 Be2 85. e6 Bxa6
86. e7 Bb5 87. e8=Q+ Bxe8+ 88. Kxe8 Kb8 89. Kf7 Kc8 90. Kg6 Kd8 91. Kxh5 Ke8
92. Kg6 Kf8 93. Bd4 Kg8 94. h5 Kf8 95. h6 Ke7 96. h7 Kd6 97. h8=R Kd5 98. Kf5
Kc4 99. Ke4 Kb5 100. Kd5 Kb4 101. Rb8+ Ka3 102. Kc4 Ka2 103. Kc3 Ka1 104. Kc2+
Ka2 105. Ra8# 1-0

[Event "DEM U10/U10w 2015"]
[Site "Willingen GER"]
[Date "2015.05.25"]
[Round "3"]
[White "Simukov, Erik"]
[Black "Weihrauch, Jakob"]
[Result "0-1"]
[Termination "normal"]
[Board "5"]
[WhiteElo "1515"]
[BlackElo "1594"]
[WhiteClock "00:15:15"]
[BlackClock "00:21:43"]
[PlyCount "118"]
[WhiteFideId "12995380"]
[BlackFideId "16210115"]
[EventCountry "GER"]
[EventRounds "11"]
[EventType "swiss"]
[EventDate "2015.05.23"]

1. e4 c5 2. Nf3 d6 3. Bb5+ Bd7 4. Bxd7+ Nxd7 5. O-O Ngf6 6. Qe2 Qc7 7. c4 a6 8.
a4 g6 9. Nc3 Bg7 10. Re1 Ng4 11. h3 Nge5 12. Nd5 Qd8 13. Rb1 e6 14. Nxe5 Nxe5
15. Ne3 Qa5 16. b3 Nc6 17. Nc2 O-O 18. Bb2 Bxb2 19. Rxb2 Rae8 20. Qd3 Qc7 21.
Qc3 f5 22. exf5 Rxf5 23. Ne3 Rff8 24. Nc2 Qf7 25. Rf1 b6 26. Rbb1 Qf6 27. Qxf6
Rxf6 28. Rbe1 Ref8 29. Ne3 Nd4 30. Ng4 Rf4 31. Re3 h5 32. Nh2 g5 33. f3 e5 34.
Rf2 Kg7 35. Nf1 Nf5 36. Rc3 e4 37. g3 Rxf3 38. Rcxf3 exf3 39. Rxf3 Nd4 40. Rd3
Rf3 41. Re3 Rxe3 42. Nxe3 Nf3+ 43. Kf2 Nxd2 44. Nd5 Nxb3 45. Nxb6 Na5 46. Ke3
Kf7 47. Ke4 Ke6 48. h4 gxh4 49. gxh4 Nc6 50. Nd5 Ne5 51. Ne3 a5 52. Kf4 Nd3+
53. Kg5 Nb2 54. Kxh5 Kf7 55. Kg5 Nxa4 56. h5 Nb2 57. h6 a4 58. Nf5 Kg8 59. Kg6
Nxc4 0-1

[Event "DEM U10/U10w 2015"]
[Site "Willingen GER"]
[Date "2015.05.25"]
[Round "3"]
[White "Evering, Sören"]
[Black "Henzgen, Nick"]
[Result "1-0"]
[Termination "normal"]
[Board "6"]
[WhiteElo "1712"]
[BlackElo "1269"]
[WhiteClock "00:04:06"]
[BlackClock "00:30:19"]
[PlyCount "149"]
[WhiteFideId "12974650"]
[BlackFideId "16212347"]
[EventCountry "GER"]
[EventRounds "11"]
[EventType "swiss"]
[EventDate "2015.05.23"]

1. e4 g6 2. d4 Bg7 3. Nf3 d6 4. Nc3 e6 5. Be3 Ne7 6. Be2 b6 7. O-O O-O 8. Qd2
Bb7 9. Rad1 Nd7 10. Rfe1 f5 11. Ng5 Rf6 12. e5 Rf7 13. Nxf7 Kxf7 14. exd6 cxd6
15. Bh6 Bf6 16. Bf4 d5 17. Nb5 Bc6 18. Qe3 Nf8 19. Nd6+ Kg8 20. Be5 Nc8 21.
Nxc8 Rxc8 22. Ba6 Ra8 23. Qc3 Bxe5 24. Rxe5 Qd6 25. Rde1 Rb8 26. Bd3 Rc8 27.
Qd2 Rc7 28. Qg5 Rg7 29. Qf6 Rf7 30. Qg5 Rg7 31. c3 a5 32. b3 b5 33. h3 Rf7 34.
h4 Rg7 35. R1e3 Be8 36. Rg3 Qd7 37. Qh6 Qf7 38. Be2 Nd7 39. Ree3 Nf6 40. h5 Ne4
41. hxg6 Rxg6 42. Rxg6+ Qxg6 43. Qxg6+ hxg6 44. Bf3 f4 45. Rd3 Ng5 46. Kf1 a4
47. bxa4 bxa4 48. Ke1 Bb5 49. Rd2 a3 50. Be2 Ba4 51. f3 Kg7 52. c4 dxc4 53.
Bxc4 Kh6 54. Rd3 Bc2 55. Rxa3 Bf5 56. Bd3 Bxd3 57. Rxd3 Nf7 58. a4 Nd6 59. a5
Nc4 60. a6 Ne3 61. Rxe3 fxe3 62. a7 Kg5 63. a8=Q Kf4 64. Qf8+ Kg3 65. Qg7 Kh2
66. Qxg6 Kg1 67. g4 Kg2 68. Qh5 Kg1 69. Qh4 Kg2 70. g5 Kg1 71. Qg3+ Kh1 72. Kf1
e2+ 73. Kxe2 e5 74. Kf2 exd4 75. Qg2# 1-0

[Event "DEM U10/U10w 2015"]
[Site "Willingen GER"]
[Date "2015.05.25"]
[Round "3"]
[White "Lohvinov, Petro"]
[Black "Hommer, Jeremy"]
[Result "0-1"]
[Termination "normal"]
[Board "7"]
[WhiteElo "1418"]
[BlackElo "1570"]
[WhiteClock "00:09:59"]
[BlackClock "00:36:23"]
[PlyCount "98"]
[WhiteFideId "14176661"]
[BlackFideId "12992577"]
[EventCountry "GER"]
[EventRounds "11"]
[EventType "swiss"]
[EventDate "2015.05.23"]

1. e4 c6 2. d4 d5 3. exd5 cxd5 4. c4 Nf6 5. Nc3 e6 6. Bd3 dxc4 7. Bxc4 Nc6 8.
Nf3 a6 9. a3 Bd6 10. Bg5 h6 11. Be3 O-O 12. h3 b5 13. Bd3 Bb7 14. b4 Qc7 15.
Rc1 Rfd8 16. O-O Rac8 17. Qd2 Bf8 18. Qe2 Qd7 19. Rfd1 Qe8 20. Bb1 Ne7 21. Ne5
Ned5 22. Nxd5 Bxd5 23. Qd2 Rxc1 24. Rxc1 Rc8 25. Rxc8 Qxc8 26. Qc2 Qxc2 27.
Bxc2 Be7 28. Bd1 Kf8 29. Bf3 Bxf3 30. Nxf3 Bd6 31. Nd2 Nd5 32. Ne4 Bc7 33. Bd2
Bd8 34. Nc5 Nc7 35. Bf4 Ke7 36. Bxc7 Bxc7 37. Nxa6 Bb6 38. Nc5 Kd6 39. Kf1 Kd5
40. Ke2 Kxd4 41. Nd7 Ba7 42. Kd2 Kd5 43. f4 Ke4 44. Ne5 f6 45. Nc6 Be3+ 46. Ke2
Kxf4 47. g3+ Ke4 48. Na5 Bc1 49. Nb7 Kd5 0-1

[Event "DEM U10/U10w 2015"]
[Site "Willingen GER"]
[Date "2015.05.25"]
[Round "3"]
[White "Rockmann, Enno"]
[Black "Lutz, Ruben"]
[Result "0-1"]
[Termination "normal"]
[Board "8"]
[WhiteElo "1269"]
[BlackElo "1524"]
[WhiteClock "01:04:33"]
[BlackClock "00:05:56"]
[PlyCount "106"]
[WhiteFideId "12982920"]
[BlackFideId "12975974"]
[EventCountry "GER"]
[EventRounds "11"]
[EventType "swiss"]
[EventDate "2015.05.23"]

1. e4 e6 2. d4 d5 3. exd5 exd5 4. Bd3 Bd6 5. Ne2 Ne7 6. Bf4 Bf5 7. c3 c6 8. O-O
Qc7 9. Bxd6 Qxd6 10. Bxf5 Nxf5 11. Qd3 Qf6 12. Ng3 Ne7 13. c4 O-O 14. b3 Nd7
15. Nc3 Nb6 16. Rfe1 Rfe8 17. c5 Nd7 18. Re3 Nf8 19. b4 Ne6 20. Nce2 Qg6 21.
Qxg6 hxg6 22. Rd1 Nf5 23. Nxf5 gxf5 24. Re5 g6 25. Ng3 f6 26. Re2 Kf7 27. Red2
Re7 28. Rd3 Nf4 29. Rf3 Ne2+ 30. Nxe2 Rxe2 31. Rh3 Rae8 32. Kf1 Kg7 33. a3 R8e4
34. g4 fxg4 35. Rg3 f5 36. Rdd3 Kf6 37. Kg2 Re7 38. Rge3 R7xe3 39. Rxe3 Rxe3
40. fxe3 g5 41. Kg3 Kg6 42. a4 a6 43. a5 Kh5 44. h3 gxh3 45. Kxh3 g4+ 46. Kg3
Kg5 47. Kg2 Kh4 48. Kh2 g3+ 49. Kg2 Kg4 50. Kg1 Kf3 51. Kf1 Kxe3 52. Kg2 f4 53.
Kg1 Kxd4 0-1

[Event "DEM U10/U10w 2015"]
[Site "Willingen GER"]
[Date "2015.05.25"]
[Round "3"]
[White "Kodalle, Dominik"]
[Black "Bethke, Richard"]
[Result "1/2-1/2"]
[Termination "normal"]
[Board "9"]
[WhiteElo "1230"]
[BlackElo "1655"]
[PlyCount "90"]
[WhiteFideId "16208722"]
[BlackFideId "12959243"]
[EventCountry "GER"]
[EventRounds "11"]
[EventType "swiss"]
[EventDate "2015.05.23"]

1. e4 e5 2. Nf3 Nc6 3. Bb5 a6 4. Ba4 Nf6 5. O-O b5 6. Bb3 Be7 7. Re1 O-O 8. h3
d6 9. c3 Na5 10. Bc2 c5 11. d3 Ne8 12. Nbd2 Nc7 13. Nf1 f5 14. exf5 Bxf5 15.
Ng3 Bg6 16. Be3 Nd5 17. Bb3 Nxb3 18. Qxb3 Bf7 19. Qc2 Nxe3 20. Rxe3 Be6 21. d4
cxd4 22. cxd4 Rc8 23. Qd2 Bd5 24. dxe5 Bxf3 25. gxf3 Bg5 26. Qd5+ Kh8 27. Ree1
dxe5 28. Rxe5 Bf4 29. Qxd8 Rcxd8 30. Rf5 Bxg3 31. Rxf8+ Rxf8 32. fxg3 Rxf3 33.
Rf1 Rxf1+ 34. Kxf1 Kg8 35. Ke2 Kf7 36. Ke3 Ke6 37. Ke4 a5 38. g4 h6 39. h4 g6
40. b3 b4 41. Kd4 Kd6 42. Ke4 Ke6 43. Kd4 Kd6 44. Ke4 Ke6 45. Kd4 Kd6 1/2-1/2

[Event "DEM U10/U10w 2015"]
[Site "Willingen GER"]
[Date "2015.05.25"]
[Round "3"]
[White "Musiolik, David"]
[Black "Marschall, Tillmann"]
[Result "1/2-1/2"]
[Termination "normal"]
[Board "10"]
[WhiteElo "1629"]
[BlackElo "1423"]
[PlyCount "46"]
[WhiteFideId "12972355"]
[BlackFideId "12973220"]
[EventCountry "GER"]
[EventRounds "11"]
[EventType "swiss"]
[EventDate "2015.05.23"]

1. e4 c6 2. d4 d5 3. Nc3 dxe4 4. Nxe4 Bf5 5. f3 Nd7 6. Bd3 e6 7. Ne2 Bxe4 8.
fxe4 Ngf6 9. c3 c5 10. O-O cxd4 11. cxd4 Rc8 12. a3 Be7 13. h3 Qb6 14. Kh1 O-O
15. b4 Rfd8 16. Be3 e5 17. Rc1 exd4 18. Bxd4 Qd6 19. Qb3 Ne5 20. Bb1 b6 21.
Rfd1 Rxc1 22. Rxc1 Nc6 23. Rd1 Qc7 1/2-1/2

[Event "DEM U10/U10w 2015"]
[Site "Willingen GER"]
[Date "2015.05.25"]
[Round "3"]
[White "Reichelt, Lena"]
[Black "Colbow, Collin"]
[Result "0-1"]
[Termination "normal"]
[Board "11"]
[WhiteElo "1285"]
[BlackElo "1489"]
[PlyCount "100"]
[WhiteFideId "12981184"]
[BlackFideId "16201132"]
[EventCountry "GER"]
[EventRounds "11"]
[EventType "swiss"]
[EventDate "2015.05.23"]

1. e4 e5 2. Nf3 Nc6 3. d4 exd4 4. Bc4 Bc5 5. c3 Nf6 6. e5 d5 7. Bb5 Ne4 8. Nxd4
Bd7 9. Bxc6 bxc6 10. Nd2 Qg5 11. Nxe4 Qxe5 12. Qe2 Qxe4 13. Qxe4+ dxe4 14. Be3
Bb6 15. b4 O-O 16. O-O a5 17. a3 Rfe8 18. Rfd1 Red8 19. h3 c5 20. bxc5 Bxc5 21.
Nc6 Bxc6 22. Bxc5 f5 23. Rab1 Rab8 24. Rxd8+ Rxd8 25. Bd4 Kf7 26. Kf1 g6 27.
Ke2 Ke6 28. Ke3 g5 29. f4 exf3 30. gxf3 f4+ 31. Kf2 Kf5 32. Rb2 h5 33. Rb1 Rg8
34. Rg1 Rb8 35. c4 Rb3 36. Re1 Rxf3+ 37. Kg1 Be4 38. Kg2 Rxa3+ 39. Kh2 Ra2+ 40.
Kg1 Rg2+ 41. Kf1 Rh2 42. Bc3 Rxh3 43. Bxa5 Rh1+ 44. Kf2 Rxe1 45. Kxe1 c6 46.
Bd8 g4 47. Bh4 g3 48. Kf1 Kg4 49. Be7 f3 50. Bc5 f2 0-1

[Event "DEM U10/U10w 2015"]
[Site "Willingen GER"]
[Date "2015.05.25"]
[Round "3"]
[White "Reuter, Max"]
[Black "Breß, Aaron"]
[Result "0-1"]
[Termination "normal"]
[Board "12"]
[WhiteElo "1036"]
[BlackElo "1674"]
[PlyCount "82"]
[WhiteFideId "16263715"]
[BlackFideId "12996432"]
[EventCountry "GER"]
[EventRounds "11"]
[EventType "swiss"]
[EventDate "2015.05.23"]

1. e4 c6 2. d4 d5 3. Nc3 dxe4 4. Nxe4 Bf5 5. Ng3 Bg6 6. h4 h6 7. Nf3 Nd7 8. h5
Bh7 9. Bd3 Bxd3 10. Qxd3 Ngf6 11. Be3 e6 12. O-O-O Qc7 13. Nd2 O-O-O 14. Rh3
Nd5 15. c4 Nxe3 16. fxe3 Nf6 17. Nde4 Ng4 18. Qe2 f5 19. Nf2 Nf6 20. e4 f4 21.
Nf1 e5 22. dxe5 Rxd1+ 23. Kxd1 Qxe5 24. Kc1 Qg5 25. Qf3 Qc5 26. Nd2 Bd6 27. Nd3
Qa5 28. a3 Qg5 29. b4 Ng4 30. c5 Bc7 31. Nc4 Ne5 32. Ncxe5 Bxe5 33. Nxe5 Qxe5
34. Qg4+ Kb8 35. Qg6 Rd8 36. Kc2 Qd4 37. Rh1 Qc4+ 38. Kb1 Qb3+ 39. Kc1 Qxa3+
40. Kc2 Qa2+ 41. Kc3 Qd2+ 0-1

[Event "DEM U10/U10w 2015"]
[Site "Willingen GER"]
[Date "2015.05.25"]
[Round "3"]
[White "Pubantz, Jan"]
[Black "Pietsch, Julius"]
[Result "1-0"]
[Termination "normal"]
[Board "13"]
[WhiteElo "1363"]
[BlackElo "1202"]
[PlyCount "121"]
[WhiteFideId "12996114"]
[BlackFideId "12985660"]
[EventCountry "GER"]
[EventRounds "11"]
[EventType "swiss"]
[EventDate "2015.05.23"]

1. e4 c5 2. Nc3 d6 3. f4 Nf6 4. Nf3 e6 5. Bb5+ Bd7 6. Bc4 a6 7. a3 Be7 8. d3
O-O 9. O-O b5 10. Ba2 Bc6 11. Qe1 Qc7 12. Qg3 Kh8 13. Ng5 Bd7 14. Qh4 h6 15. f5
Qc8 16. Nf3 Nc6 17. Bxh6 gxh6 18. Qxh6+ Nh7 19. h4 exf5 20. Nd5 Bd8 21. Nb6 Qb7
22. Nxa8 Qxa8 23. Qxd6 Qc8 24. Qxc5 fxe4 25. dxe4 Qb8 26. Kh1 Qb6 27. Qxb6 Bxb6
28. Rad1 Bg4 29. Rd6 Rc8 30. Bd5 Nd4 31. Rxb6 Nxf3 32. gxf3 Bh3 33. Rf2 Kg7 34.
Rxa6 Nf6 35. Bc6 Rb8 36. Ra5 b4 37. Rb5 Rc8 38. Bb7 Rh8 39. e5 Nd7 40. Rxb4
Nxe5 41. Kh2 Be6 42. Ba6 Nc6 43. Rb6 Rxh4+ 44. Kg3 Rh3+ 45. Kg2 Rh6 46. Bd3 Ne5
47. Rb5 Nd7 48. a4 Nf6 49. Be4 Ne8 50. a5 Nc7 51. Rb6 Kf8 52. Bf5 Ke7 53. Bxe6
Nxe6 54. Rd2 Rg6+ 55. Kf2 Rg8 56. a6 Ra8 57. Rb7+ Ke8 58. a7 Nd8 59. Rxd8+ Kxd8
60. Rb8+ Rxb8 61. axb8=Q+ 1-0

[Event "DEM U10/U10w 2015"]
[Site "Willingen GER"]
[Date "2015.05.25"]
[Round "3"]
[White "Haufe, Laurin"]
[Black "Bashylina, Luisa"]
[Result "1-0"]
[Termination "normal"]
[Board "14"]
[WhiteElo "1575"]
[BlackElo "1223"]
[PlyCount "83"]
[WhiteFideId "12976504"]
[BlackFideId "12983292"]
[EventCountry "GER"]
[EventRounds "11"]
[EventType "swiss"]
[EventDate "2015.05.23"]

1. e4 e5 2. Nf3 d6 3. d4 exd4 4. Nxd4 Be7 5. Bc4 Nf6 6. Nc3 O-O 7. O-O a6 8.
Qf3 b5 9. Bd3 Bb7 10. Nf5 Re8 11. Qg3 Bf8 12. Nh6+ Kh8 13. Nxf7+ Kg8 14. Nxd8
Rxd8 15. Bg5 Be7 16. Nd5 Bxd5 17. exd5 Nbd7 18. Rfe1 Re8 19. Bxf6 Nxf6 20. Qh3
g6 21. Qg3 Nxd5 22. Bxg6 hxg6 23. Qxg6+ Kf8 24. Qh6+ Kg8 25. Qe6+ Kf8 26. Qxd5
Bf6 27. Rxe8+ Rxe8 28. Qf5 Kg7 29. c3 c6 30. Qd7+ Re7 31. Qxc6 Re2 32. Qxa6
Rxb2 33. Qxd6 Re2 34. Qd7+ Re7 35. Qxb5 Bxc3 36. Qg5+ Kf7 37. Qh5+ Kg7 38. Qg4+
Kf7 39. Qc4+ Ke8 40. Qxc3 Kd8 41. Rd1+ Ke8 42. Re1 1-0

[Event "DEM U10/U10w 2015"]
[Site "Willingen GER"]
[Date "2015.05.25"]
[Round "3"]
[White "Lutz, Adam"]
[Black "Schubert, Nikita"]
[Result "1/2-1/2"]
[Termination "normal"]
[Board "15"]
[WhiteElo "1481"]
[BlackElo "1216"]
[PlyCount "113"]
[WhiteFideId "16226615"]
[BlackFideId "16212339"]
[EventCountry "GER"]
[EventRounds "11"]
[EventType "swiss"]
[EventDate "2015.05.23"]

1. e4 e5 2. Nf3 Nc6 3. Bc4 Bc5 4. c3 Nf6 5. d4 exd4 6. cxd4 Bb4+ 7. Bd2 Nxe4 8.
Bxb4 Nxb4 9. Bxf7+ Kxf7 10. Qb3+ d5 11. Qxb4 Rf8 12. O-O Kg8 13. Qb3 a5 14.
Nbd2 Nxd2 15. Nxd2 Ra6 16. Qe3 Re6 17. Qd3 Rfe8 18. Nf3 b6 19. Rfd1 Rf6 20. Re1
Bf5 21. Qb5 Rxe1+ 22. Rxe1 Re6 23. Rxe6 Bxe6 24. Ne5 Kf8 25. Qd3 Qg5 26. h3 Bf5
27. Qf3 Qf6 28. Qxd5 Qe6 29. Qxe6 Bxe6 30. b3 a4 31. bxa4 Bxa2 32. f3 Bb3 33.
Kf2 Bxa4 34. Ke3 Bb5 35. g4 Ke7 36. f4 Ke6 37. Ke4 Be8 38. h4 b5 39. Nd3 Bc6+
40. Ke3 Kd5 41. f5 Kd6 42. h5 Ke7 43. Nb4 Bh1 44. Kf4 c6 45. g5 Kf7 46. Ke5 Ke7
47. h6 gxh6 48. gxh6 Bg2 49. f6+ Kd7 50. d5 Bxd5 51. Nxd5 cxd5 52. Kxd5 Ke8 53.
Kc5 Kf7 54. Kxb5 Kxf6 55. Kc4 Kg6 56. Kd3 Kxh6 57. Ke2 1/2-1/2

[Event "DEM U10/U10w 2015"]
[Site "Willingen GER"]
[Date "2015.05.25"]
[Round "3"]
[White "Schauties, Nico Antonio"]
[Black "Schmidt, Pauline"]
[Result "0-1"]
[Termination "normal"]
[Board "16"]
[WhiteElo "1457"]
[BlackElo "1184"]
[PlyCount "72"]
[WhiteFideId "16206371"]
[BlackFideId "16209850"]
[EventCountry "GER"]
[EventRounds "11"]
[EventType "swiss"]
[EventDate "2015.05.23"]

1. d4 Nf6 2. c4 g6 3. Nc3 Bg7 4. Nf3 d6 5. e4 O-O 6. Be2 Nbd7 7. O-O c6 8. Bf4
Qe8 9. d5 e5 10. dxe6 Qxe6 11. Qxd6 Nxe4 12. Qxe6 fxe6 13. Nxe4 Rxf4 14. Nc3 e5
15. Rfe1 e4 16. Nd2 Nf6 17. Rab1 Bf5 18. g3 e3 19. gxf4 Bxb1 20. Ndxb1 exf2+
21. Kxf2 Rf8 22. Nd2 Nh5 23. Bxh5 Rxf4+ 24. Bf3 Bf6 25. Nde4 Bh4+ 26. Ke2 Bxe1
27. Kxe1 Rxf3 28. Ng3 Rf4 29. Nce4 Rh4 30. Kd2 Rxh2+ 31. Kc3 Rh3 32. Kd4 Rh2
33. Kc3 h5 34. Nd2 h4 35. Nge4 h3 36. Nf3 Rg2 0-1

[Event "DEM U10/U10w 2015"]
[Site "Willingen GER"]
[Date "2015.05.25"]
[Round "3"]
[White "Gericke, Luis"]
[Black "Röhr, Oliver"]
[Result "1-0"]
[Termination "normal"]
[Board "17"]
[WhiteElo "1220"]
[BlackElo "1453"]
[PlyCount "121"]
[WhiteFideId "16212525"]
[BlackFideId "12987697"]
[EventCountry "GER"]
[EventRounds "11"]
[EventType "swiss"]
[EventDate "2015.05.23"]

1. e4 e5 2. Nf3 Nc6 3. Bb5 a6 4. Bxc6 dxc6 5. O-O Qd6 6. d4 exd4 7. Nxd4 Bd7 8.
Nc3 O-O-O 9. Be3 Kb8 10. Nb3 Nf6 11. Qd4 Qxd4 12. Bxd4 Be7 13. Rfd1 Be6 14. Be3
Ng4 15. Bf4 g5 16. Bg3 h5 17. h3 Nf6 18. Nd4 Bc8 19. Be5 Rhe8 20. Rd3 Nd7 21.
Bh2 Nc5 22. Rdd1 Bf6 23. e5 Bxe5 24. Bxe5 Rxe5 25. Nxc6+ bxc6 26. Rxd8 Kb7 27.
Rh8 g4 28. hxg4 hxg4 29. Rd1 Ne4 30. Nxe4 Rxe4 31. Rdd8 Be6 32. Rb8+ Ka7 33.
Ra8+ Kb6 34. Rhb8+ Ka5 35. b4+ Rxb4 36. Rxb4 Kxb4 37. Rxa6 Kb5 38. Ra3 c5 39.
Kh2 c4 40. c3 c6 41. Kg3 Kb6 42. Kf4 Bd5 43. Kg3 Be6 44. Ra8 Kc5 45. a4 Kb6 46.
Kf4 Bd5 47. Rf8 Bxg2 48. Rxf7 Bf3 49. Rf5 Be2 50. Rg5 Bf3 51. Rxg4 Bxg4 52.
Kxg4 Ka5 53. f4 Kxa4 54. f5 Kb3 55. f6 Kxc3 56. f7 Kb2 57. f8=Q c3 58. Qb4+ Kc2
59. Kf3 Kd1 60. Qxc3 c5 61. Ke3 1-0

[Event "DEM U10/U10w 2015"]
[Site "Willingen GER"]
[Date "2015.05.25"]
[Round "3"]
[White "Nguyen, Phuong Thao Vivien"]
[Black "Toval, David"]
[Result "1/2-1/2"]
[Termination "normal"]
[Board "18"]
[WhiteElo "1195"]
[BlackElo "1528"]
[PlyCount "121"]
[WhiteFideId "16210735"]
[BlackFideId "12992755"]
[EventCountry "GER"]
[EventRounds "11"]
[EventType "swiss"]
[EventDate "2015.05.23"]

1. e4 c5 2. d3 d6 3. Nd2 Nf6 4. Ngf3 a6 5. g3 e6 6. Bg2 Be7 7. O-O Nc6 8. c3
O-O 9. Qe2 Qc7 10. Re1 e5 11. Nf1 Be6 12. h4 b5 13. N1h2 h6 14. Be3 d5 15. exd5
Bxd5 16. Qc2 Rad8 17. Rad1 e4 18. Bf4 Bd6 19. Bxd6 Rxd6 20. dxe4 Bxe4 21. Qc1
Rfd8 22. Qf4 Qd7 23. Rxd6 Qxd6 24. Rxe4 Nxe4 25. Qxe4 Qd7 26. Qe3 Qe7 27. Qxe7
Nxe7 28. Kf1 Rd1+ 29. Ne1 Rd2 30. Bb7 a5 31. Ba6 b4 32. cxb4 cxb4 33. Nd3 Rd1+
34. Ke2 Ra1 35. Bc4 Nc8 36. Nf3 Nb6 37. Bb3 a4 38. Bd1 Rxa2 39. Nfe5 a3 40. Bb3
Rxb2+ 41. Nxb2 axb2 42. Ba2 Na4 43. Bxf7+ Kf8 44. Bg6 b1=Q 45. Bxb1 Nc3+ 46.
Kd3 Nxb1 47. Kc4 Nd2+ 48. Kxb4 Ne4 49. Nd3 Kf7 50. Kc4 Kf6 51. Kd5 Nxg3 52.
fxg3 Kf5 53. Nc1 Kg4 54. Ke5 Kxg3 55. Kf5 Kxh4 56. Kg6 Kg3 57. Nd3 Kg4 58. Ne5+
Kf4 59. Nf7 Kg4 60. Nxh6+ gxh6 61. Kxh6 1/2-1/2

[Event "DEM U10/U10w 2015"]
[Site "Willingen GER"]
[Date "2015.05.25"]
[Round "3"]
[White "Jahrke, Jonas"]
[Black "Reuter, Elisa"]
[Result "1/2-1/2"]
[Termination "normal"]
[Board "20"]
[WhiteElo "1372"]
[BlackElo "1133"]
[PlyCount "66"]
[WhiteFideId "12984353"]
[BlackFideId "12995444"]
[EventCountry "GER"]
[EventRounds "11"]
[EventType "swiss"]
[EventDate "2015.05.23"]

1. d4 d5 2. c4 e6 3. Nc3 f5 4. Nf3 Nf6 5. Bf4 Be7 6. e3 c6 7. Bd3 Nbd7 8. O-O
O-O 9. c5 Ne4 10. Qc2 Ndf6 11. h3 Bd7 12. b4 Nh5 13. Bh2 Qe8 14. a3 Nhf6 15.
Rab1 Nxc3 16. Qxc3 Ne4 17. Qc2 a6 18. Nd2 Qg6 19. Be2 Rac8 20. Rfc1 Bh4 21.
Nxe4 fxe4 22. Rf1 e5 23. Bg4 Bxg4 24. hxg4 exd4 25. exd4 Qxg4 26. Rbe1 Rce8 27.
Qe2 Qxe2 28. Rxe2 Bf6 29. Rd1 Bg5 30. Bd6 Rf7 31. f3 e3 32. Rdd2 h6 33. Rd1 Bf4
1/2-1/2